Breve tratado de ontología transitoria
Guardat en:
| Autor principal: | |
|---|---|
| Format: | Llibre |
| Idioma: | espanyol |
| Publicat: |
Barcelona
Gedisa
2002
|
| Edició: | 1a. ed |
| Col·lecció: | Cla.De.Ma. Filosofía
|
| Matèries: | |
| Etiquetes: |
Afegir etiqueta
Sense etiquetes, Sigues el primer a etiquetar aquest registre!
|
MARC
| LEADER | 00000cam a2200000 a 4500 | ||
|---|---|---|---|
| 001 | UCE6453 | ||
| 003 | CL-VaPUC | ||
| 008 | 150409e20020100sp |||||||||||||||||spa|d | ||
| 020 | |a 8474328993 | ||
| 082 | 0 | 4 | |a 111.1 |b BAD |2 21 |
| 100 | 0 | |a Badiou, Alain |e author |9 557218 | |
| 245 | 1 | 0 | |a Breve tratado de ontología transitoria |
| 250 | |a 1a. ed | ||
| 300 | |a 173 p | ||
| 942 | |c BK | ||
| 945 | |d 20150409 10:07:00 |a arojas | ||
| 260 | |a Barcelona |b Gedisa |c 2002 | ||
| 650 | 0 | |a Ontología |9 256850 | |
| 650 | 0 | |a Dioses |9 265645 | |
| 650 | 0 | |a Existencia de Dios |9 266954 | |
| 583 | |a last modification |c 20171005 04:21:24 |k Rodrigo Vera | ||
| 490 | 0 | |a Cla.De.Ma. Filosofía | |
| 999 | |c 358780 |d 358778 | ||
| 952 | |0 0 |1 0 |3 erb |4 0 |6 111_100000000000000_BAD_2002 |7 0 |8 A |9 467672 |a BIBEDU |b BIBEDU |i 5145112 |o 111.1 BAD 2002 |p 5145112 |r 2019-11-23 |w 2019-11-23 |y BK |z Catalogado en:20150409 |k PSI | ||